Project management (Record no. 5597)
[ view plain ]
| 000 -LEADER | |
|---|---|
| fixed length control field | 00397nam a2200169Ia 4500 |
| 008 - FIXED-LENGTH DATA ELEMENTS--GENERAL INFORMATION | |
| fixed length control field | 230711s9999||||xx |||||||||||||| ||und|| |
| 020 ## - INTERNATIONAL STANDARD BOOK NUMBER | |
| International Standard Book Number | 978-81-775-803-5 |
| 041 ## - LANGUAGE CODE | |
| Language code of text/sound track or separate title | ENG |
| 082 ## - DEWEY DECIMAL CLASSIFICATION NUMBER | |
| Classification number | 658 |
| Item number | MA-P |
| 100 ## - MAIN ENTRY--PERSONAL NAME | |
| Personal name | Maylor ,Harvey |
| 245 #0 - TITLE STATEMENT | |
| Title | Project management |
| 250 ## - EDITION STATEMENT | |
| Edition statement | 3rd Ed. |
| 260 ## - PUBLICATION, DISTRIBUTION, ETC. | |
| Date of publication, distribution, etc. | 2003 |
| Place of publication, distribution, etc. | New Delhi |
| Name of publisher, distributor, etc. | Pearson |
| 300 ## - PHYSICAL DESCRIPTION | |
| Extent | 411 |
| 650 ## - SUBJECT ADDED ENTRY--TOPICAL TERM | |
| Topical term or geographic name entry element | UNIVESITY BUSNIESS SCHOOL |
| 942 ## - ADDED ENTRY ELEMENTS (KOHA) | |
| Koha item type | Book |
| Withdrawn status | Lost status | Damaged status | Not for loan | Collection | Home library | Current library | Date acquired | Total checkouts | Full call number | Barcode | Date last seen | Price effective from | Koha item type | Date last checked out |
|---|---|---|---|---|---|---|---|---|---|---|---|---|---|---|
| MRSPTU Central Library | MRSPTU Central Library | 658 MA-P | 25432 | 08/17/2023 | 08/17/2023 | Book | ||||||||
| MRSPTU Central Library | MRSPTU Central Library | 658 MA-P | 25433 | 08/17/2023 | 08/17/2023 | Book | ||||||||
| MRSPTU Central Library | MRSPTU Central Library | 658 MA-P | 25434 | 08/17/2023 | 08/17/2023 | Book | ||||||||
| MRSPTU Central Library | MRSPTU Central Library | 1 | 658 MA-P | 25435 | 12/20/2024 | 08/17/2023 | Book | 08/06/2024 | ||||||
| MRSPTU Central Library | MRSPTU Central Library | 1 | 658 MA-P | 25436 | 05/27/2025 | 08/17/2023 | Book | 05/22/2025 | ||||||
| MRSPTU Central Library | MRSPTU Central Library | 658 MA-P | 25437 | 08/17/2023 | 08/17/2023 | Book | ||||||||
| MRSPTU Central Library | MRSPTU Central Library | 658 MA-P | 25438 | 08/17/2023 | 08/17/2023 | Book | ||||||||
| MRSPTU Central Library | MRSPTU Central Library | 658 MA-P | 25439 | 08/17/2023 | 08/17/2023 | Book | ||||||||
| MRSPTU Central Library | MRSPTU Central Library | 658 MA-P | 25440 | 08/17/2023 | 08/17/2023 | Book | ||||||||
| MRSPTU Central Library | MRSPTU Central Library | 5 | 658 MA-P | 25441 | 01/02/2025 | 08/17/2023 | Book | 11/14/2024 |
